Statistics for Every 4th Place at the Eurovision Song Contest

Click here to take the quiz!

General Stats

  • This quiz has been taken 22 times
  • The average score is 67 of 72

Answer Stats

HintAnswer% Correct
1979Germany
100%
2018Germany
100%
1957Germany
100%
1960Germany
100%
2015Belgium
95%
1982Belgium
95%
1966Belgium
95%
2017Belgium
95%
1999Croatia
95%
1996Croatia
95%
2000Estonia
95%
1961France
95%
1964France
95%
1975France
95%
2001France
95%
1995France
95%
1970France
95%
1993France
95%
1994Hungary
95%
1990Iceland
95%
2021Iceland
95%
1968Ireland
95%
1966Ireland
95%
1986Ireland
95%
1992Italy
95%
1997Italy
95%
2023Italy
95%
1998Netherlands
95%
1972Netherlands
95%
2003Norway
95%
2013Norway
95%
1960Norway
95%
2006Romania
95%
1991Spain
95%
1970Spain
95%
1989Sweden
95%
2022Sweden
95%
1958Sweden
95%
1970Switzerland
95%
1976Switzerland
95%
2019Switzerland
95%
1959Switzerland
95%
1981Switzerland
95%
1980Switzerland
95%
2011Ukraine
95%
1974United Kingdom
95%
1971United Kingdom
95%
1985United Kingdom
95%
1963United Kingdom
95%
1962United Kingdom
95%
2014Armenia
90%
2008Armenia
90%
1965Austria
90%
1973Israel
90%
2005Israel
90%
1964Luxembourg
90%
1967Luxembourg
90%
1988Luxembourg
90%
1974Luxembourg
90%
1956Luxembourg
90%
2007Turkey
90%
2004Turkey
90%
2009Turkey
90%
2010Denmark
86%
1984Denmark
86%
1962Yugoslavia
86%
1987Yugoslavia
86%
1983Yugoslavia
86%
2012Azerbaijan
81%
2016Bulgaria
81%
1977-1978Monaco
81%
1974Monaco
81%

Score Distribution

Percentile by Number Answered

Percent of People with Each Score

Your Score History

You have not taken this quiz